01241nam a2200313Ia 4500001001200000003000800012006001900020007001500039008004100054020001800095020001800113040002100131035002100152050002400173245011100197260005200308300001600360490006600376533015200442650002300594650001500617655002900632700002000661700001900681710001700700830006700717856012600784999001700910ebr10687676CaPaEBRm u cr cn|||||||||130306s2013 ne s 000 0 eng d z9789462090446 z9789462090460 aCaPaEBRcCaPaEBR a(OCoLC)82907342214aLB2325b.C75 2013eb00aCritical issues in higher educationh[electronic resource] /cedited by Michael Kompf, Pamela M. Denicolo. aRotterdam ;aBoston :bSensePublishers,cc2013. axii, 268 p.1 aCritical issues in the future of learning and teaching ;vv.8 aElectronic reproduction.bPalo Alto, Calif. :cebrary,d2013.nAvailable via World Wide Web.nAccess may be limited to ebrary affiliated libraries. 0aEducation, Higher. 0aEducation. 7aElectronic books.2local1 aKompf, Michael.1 aDenicolo, Pam.2 aebrary, Inc. 0aCritical issues in the future of learning and teaching ;vv.8.40uhttp://site.ebrary.com/lib/rucke/Doc?id=10687676zAn electronic book accessible through the World Wide Web; click to view c28478d28478